000
00324nam a2200109Ia 4500
008
200302s9999 xx 000 0 und d
100
_a
Henry Hardy Cole
245
_a
The Arrchitecture of ancient Delhi Especially the Buildings around the kutb Minar
260
_b
Aryan Books International
260
_c
2015
300
_a
151 P.,
999
_c
4055
_d
4055